Úlohy správnej rady v neziskovej organizácii

Funkcie a úlohy správnej rady neziskovej organizácie (NZO). Zodpovednosť správnej rady NZO. Nedostatky v činnosti správnych rád.

Salvato in:
Dettagli Bibliografici
Autore principale: Majdúchová, Helena, 1963-
Natura: Capitolo di libro
Lingua:slovacco
Soggetti:
Tags: Aggiungi Tag
Nessun Tag, puoi essere il primo ad aggiungerne!!

MARC

LEADER 00000naa a2200000 4500
001 r043425
005 20240502083121.1
041 0 |a slo 
044 |a CZ 
245 1 0 |a Úlohy správnej rady v neziskovej organizácii  |c Helena Majdúchová 
520 |a Funkcie a úlohy správnej rady neziskovej organizácie (NZO). Zodpovednosť správnej rady NZO. Nedostatky v činnosti správnych rád. 
610 2 0 |a organizácie neziskové 
610 2 0 |a rady správne 
610 2 0 |a orgány štatutárne 
610 2 0 |a štruktúra organizačná 
100 1 |a Majdúchová, Helena, 1963-